Sports Quiz

Random Sports Quiz

Kentucky Derby 2014 Quiz Stats

 Plays Quiz not verified by Sporcle

Also try: NHL Team Timeline
Challenge
Share
Tweet
Embed
Score 0/19 Timer 06:00
0 Plays Today
Finishing Position Horse % Correct
1stCalifornia Chrome
100%
2ndCommanding Curve
61.5%
3rdDanza
53.8%
4thWicked Strong
38.5%
7thRide On Curlin
38.5%
12thIntense Holiday
38.5%
19thVicar's in Trouble
38.5%
13thCandy Boy
30.8%
15thTapiture
30.8%
5thSamraat
23.1%
Finishing Position Horse % Correct
6thDance With Fate
23.1%
8thMedal Count
23.1%
10thWe Miss Artie
23.1%
11thGeneral A Rod
23.1%
14thUncle Sigh
23.1%
16thHarry's Holiday
23.1%
18thWildcat Red
23.1%
9thChitu
15.4%
17thVinceremos
15.4%

You're not logged in!

Compare scores with friends on all Sporcle quizzes.
Join for Free
OR
Log In

You Might Also Like...

Show Comments

Extras

Top Quizzes Today


Score Distribution

Your Account Isn't Verified!

In order to create a playlist on Sporcle, you need to verify the email address you used during registration. Go to your Sporcle Settings to finish the process.

Report this User

Report this user for behavior that violates our Community Guidelines.

Details: